Метаморфозы нашего времени: избранное

Dades bibliogràfiques
Autor principal: Громыко А. А. Анатолий Андреевич
Sumari:В книге ученого и дипломата, члена-корреспондента РАН Ан. А. Громыко собраны главы из его книг, статьи и выступления, как уже опубликованные, так и ранее не издававшиеся, объединенные одной большой темой. Эта тема — глубокие изменения в мире и России, происходившие на глазах автора и ставшие для него предметом научно-публицистического осмысления. В силу особенностей личной биографии, профессиональной и научной карьеры (автор — сын министра иностранных дел СССР Андрея Андреевича Громыко, дипломат и ученый-международник), Ан.А. Громыко обладал значительной информацией о протекавших в мире процессах, встречался со многими крупными фигурами в международной и отечественной политике и науке, имел возможность глубоко анализировать и сопоставлять далекое и недавнее прошлое нашей страны, различные аспекты развития международных отношений. Поэтому, несомненно, его суждения представляют большой интерес как для профессиональных политиков и экспертов, так и для широкой аудитории, тем более что автору свойственен яркий, оригинальный литературный стиль, делающий чтение книги увлекательным занятием.
Idioma:rus
Publicat: Москва, Весь Мир, 2012
Matèries:
Format: Llibre
KOHA link:https://koha.lib.tpu.ru/cgi-bin/koha/opac-detail.pl?biblionumber=214995

MARC

LEADER 00000nam0a2200000 4500
001 214995
005 20231101225933.0
010 |a 9785777705143 
035 |a (RuTPU)RU\TPU\book\234889 
090 |a 214995 
100 |a 20120503d2012 k y0rusy50 ca 
101 0 |a rus 
102 |a RU 
105 |a ac z 000zy 
200 1 |a Метаморфозы нашего времени  |e избранное  |f А. А. Громыко 
210 |a Москва  |c Весь Мир  |d 2012 
215 |a 463 с.  |c ил. 
330 |a В книге ученого и дипломата, члена-корреспондента РАН Ан. А. Громыко собраны главы из его книг, статьи и выступления, как уже опубликованные, так и ранее не издававшиеся, объединенные одной большой темой. Эта тема — глубокие изменения в мире и России, происходившие на глазах автора и ставшие для него предметом научно-публицистического осмысления. В силу особенностей личной биографии, профессиональной и научной карьеры (автор — сын министра иностранных дел СССР Андрея Андреевича Громыко, дипломат и ученый-международник), Ан.А. Громыко обладал значительной информацией о протекавших в мире процессах, встречался со многими крупными фигурами в международной и отечественной политике и науке, имел возможность глубоко анализировать и сопоставлять далекое и недавнее прошлое нашей страны, различные аспекты развития международных отношений. Поэтому, несомненно, его суждения представляют большой интерес как для профессиональных политиков и экспертов, так и для широкой аудитории, тем более что автору свойственен яркий, оригинальный литературный стиль, делающий чтение книги увлекательным занятием. 
606 1 |a Международные отношения  |z 20 в.  |z 21 в.  |2 stltpush  |3 (RuTPU)RU\TPU\subj\41935  |9 61703 
610 1 |a мировая политика 
610 1 |a дипломатия 
610 1 |a глобальные проблемы 
610 1 |a новое мышление 
610 1 |a самоопределение 
610 1 |a биполярность 
610 1 |a ООН 
610 1 |a идеология 
610 1 |a новый миропорядок 
610 1 |a Титаник 
610 1 |a история 
610 1 |a холодная война 
610 1 |a устрашение 
610 1 |a двойные стандарты 
686 |a Ф4(0)  |v LBC/SL-A  |2 rubbk 
700 1 |a Громыко  |b А. А.  |g Анатолий Андреевич 
801 1 |a RU  |b 63413507  |c 20120503 
801 2 |a RU  |b 63413507  |c 20131007  |g RCR 
942 |c BK 
959 |a 69/20120502  |d 1  |e 240,00  |f ЧЗГЛ:1